Glosario de Conceptos Polt̕icos Usuales

Bibliographic Details
Main Author: Arnoletto, Eduardo Jorge
Format: eBook
Language:Spanish
Published: Barcelona : Editorial vLex, 2013
Subjects:
Online Access:http://www.vlex.com/source/11045

MARC

LEADER 00000nam a22000007a 4500
005 20130426154237.0
007 cr|||| ||||
008 130426e2013 sp |||||s|||| 00||0 spa d
020 |a 9783 8465 6648 0 
035 |a 11045 
040 |a vLex 
090 |c 4205  |d 4205 
100 1 0 |a Arnoletto, Eduardo Jorge 
245 1 0 |a Glosario de Conceptos Polt̕icos Usuales  |c / Eduardo Jorge Arnoletto   |h [Recurso electrn̤ico] 
256 |a Servicio en ln̕ea 
260 |a Barcelona :  |b Editorial vLex,   |c 2013 
300 |a 1 Recurso electrn̤ico 
506 |d vLex Global  |d vLex Global (Academic Edition, excluding Law Schools)  |d vLex Global (U.S. Academic Edition, Law Schools)  |d vLex Global (U.S. Academic Edition, excluding Law Schools)  |d vLex Global (Academic Edition, Law Schools) 
650 0 4 |a Ciencia polt̕ica  |v Diccionario 
740 |a vLex Libros (Servicio en ln̕ea) 
856 |a Acceso restringido  |u http://www.vlex.com/source/11045 
942 |c BOOK 
999 0 |a Political science